Eastern Utah Libraries Catalog: Duchesne, Heber, Roosevelt, & Vernal

Robinson Crusoe / (Record no. 403784)

MARC details
000 -LEADER
fixed length control field 01713cam a2200469 i 4500
001 - CONTROL NUMBER
control field ocm31115143
003 - CONTROL NUMBER IDENTIFIER
control field OCoLC
005 - DATE AND TIME OF LATEST TRANSACTION
control field 20250121151310.0
008 - FIXED-LENGTH DATA ELEMENTS--GENERAL INFORMATION
fixed length control field 940914s1994 enk 000 1 eng d
020 ## - INTERNATIONAL STANDARD BOOK NUMBER
International Standard Book Number 014062015X
Qualifying information (pbk.)
020 ## - INTERNATIONAL STANDARD BOOK NUMBER
International Standard Book Number 9780140620153
Qualifying information (pbk.)
029 1# - (OCLC)
OCLC library identifier NLGGC
System control number 138228566
029 1# - (OCLC)
OCLC library identifier YDXCP
System control number 100032839
035 ## - SYSTEM CONTROL NUMBER
System control number (OCoLC)31115143
040 ## - CATALOGING SOURCE
Description conventions rda
049 ## - LOCAL HOLDINGS (OCLC)
Holding library WACL
050 #4 - LIBRARY OF CONGRESS CALL NUMBER
Classification number PR3403
Item number .A1 1994
082 04 - DEWEY DECIMAL CLASSIFICATION NUMBER
Classification number 823.5
Edition number 23
084 ## - OTHER CLASSIFICATION NUMBER
Classification number 18.05
Source of number bcl
092 ## - LOCALLY ASSIGNED DEWEY CALL NUMBER (OCLC)
Classification number classics
Item number F Defoe
100 1# - MAIN ENTRY--PERSONAL NAME
Personal name Defoe, Daniel,
Dates associated with a name 1661?-1731.
9 (RLIN) 7546
245 10 - TITLE STATEMENT
Title Robinson Crusoe /
Statement of responsibility, etc Daniel Defoe.
250 ## - EDITION STATEMENT
Edition statement Penguin/Godfrey Cave ed.
264 #1 - Production, Publication, Distribution, Manufacture, and Copyright Notice.
Place of production, publication, distribution, manufacture Harmondsworth, Middlesex, England ;
-- New York, N.Y., USA :
Name of producer, publisher, distributor, manufacturer Penguin Books,
Date of production, publication, distribution, manufacture, or copyr 1994.
300 ## - PHYSICAL DESCRIPTION
Extent 298 pages ;
Dimensions 18 cm
336 ## - Content Type
Content type term text
337 ## - Media type
Media type term unmediated
338 ## - Carrier type
Carrier type term volume
490 1# - SERIES STATEMENT
Series statement Penguin popular classics
500 ## - GENERAL NOTE
General note "Complete and unabridged"--Cover
520 ## - SUMMARY, ETC.
Summary, etc "The sole survivor of a shipwreck, Robinson Crusoe is washed up on a desert island. In his journal he chronicles his daily battle to stay alive, as he conquers isolation, fashions shelter and clothes, enlists the help of a native islander who he names 'Friday', and fights off cannibals and mutineers."
650 #0 - SUBJECT ADDED ENTRY--TOPICAL TERM
Topical term or geographic name as entry element Survival
Form subdivision Fiction.
9 (RLIN) 5673621
650 #7 - SUBJECT ADDED ENTRY--TOPICAL TERM
Topical term or geographic name as entry element Survival
Source of heading or term fast
655 #0 - INDEX TERM--GENRE/FORM
Genre/form data or focus term Sea stories.
655 #7 - INDEX TERM--GENRE/FORM
Genre/form data or focus term Action and adventure fiction
Source of term fast
655 #7 - INDEX TERM--GENRE/FORM
Genre/form data or focus term Fiction
Source of term fast
9 (RLIN) 5673940
655 #7 - INDEX TERM--GENRE/FORM
Genre/form data or focus term Sea stories
Source of term fast
655 #7 - INDEX TERM--GENRE/FORM
Genre/form data or focus term Adventure fiction.
Source of term gsafd
655 #7 - INDEX TERM--GENRE/FORM
Genre/form data or focus term Action and adventure fiction.
Source of term lcgft
830 #0 - SERIES ADDED ENTRY--UNIFORM TITLE
Uniform title Penguin popular classics.
9 (RLIN) 5808053
942 ## - ADDED ENTRY ELEMENTS (KOHA)
Source of classification or shelving scheme Dewey Decimal Classification
Koha item type BOOK
Holdings
Withdrawn status Lost status Source of classification or shelving scheme Damaged status Not for loan Collection code Home library Current library Shelving location Date acquired Source of acquisition Total Checkouts Total Renewals Full call number Barcode Checked out Date last seen Date checked out Cost, replacement price Price effective from Koha item type
    Dewey Decimal Classification     Fiction Wasatch County Library Wasatch County Library First Floor 01/21/2025 Donation 1 1 F Defoe 34301002088401 04/17/2026 03/09/2026 03/09/2026 8.51 01/21/2025 BOOK
This project was made possible through a grant from the Institute of Museum and Library Service administered by the Utah State Library Division.

Wasatch County Library

  • 465 East 1200 South, Heber City, Utah 84032
  • Phone 435-654-1511 | Fax 435-654-6456

Hours

  • Monday - Friday 9:30 AM - 8:00 PM
  • Saturday 9:30 AM - 1:30 PM
  • Closed Sundays and Holidays